[Event "DEM U12w 2019"]
[Site "Willingen GER"]
[Date "2019.06.12"]
[Round "6"]
[White "Fischer, Darja"]
[Black "Roncea, Andreea-Alexandra"]
[Result "1-0"]
[Termination "normal"]
[Board "4"]
[WhiteElo "1480"]
[BlackElo "1558"]
[WhiteClock "00:14:36"]
[BlackClock "00:05:48"]
[PlyCount "69"]
[WhiteFideId "16240898"]
[BlackFideId "16233115"]
[EventCountry "GER"]
[EventRounds "9"]
[EventType "swiss"]
[EventDate "2019.06.08"]

1. d4 {[%clk 1:30:56]} 1... d5 {[%clk 1:30:51]} 2. c4 {[%clk 1:31:20]} 2... e6
{[%clk 1:31:16]} 3. Nc3 {[%clk 1:31:40]} 3... Nf6 {[%clk 1:31:39]} 4. Bg5 {
[%clk 1:31:49]} 4... Be7 {[%clk 1:31:34]} 5. cxd5 {[%clk 1:31:33]} 5... exd5 {
[%clk 1:31:41]} 6. e3 {[%clk 1:31:20]} 6... c6 {[%clk 1:30:26]} 7. Bd3 { [%clk
1:31:05]} 7... O-O {[%clk 1:27:17]} 8. Qc2 {[%clk 1:29:56]} 8... h6 { [%clk
1:26:00]} 9. Bh4 {[%clk 1:29:28]} 9... Nbd7 {[%clk 1:22:39]} 10. h3 { [%clk
1:28:01]} 10... Nb6 {[%clk 1:14:26]} 11. O-O-O {[%clk 1:26:10]} 11... Nc4
{[%clk 1:13:22]} 12. g4 {[%clk 1:24:06]} 12... Nd7 {[%clk 1:10:20]} 13. Bxe7 {
[%clk 1:22:00]} 13... Qxe7 {[%clk 1:10:38]} 14. h4 {[%clk 1:21:48]} 14... b5 {
[%clk 1:10:31]} 15. g5 {[%clk 1:20:03]} 15... h5 {[%clk 1:08:20]} 16. Nh3 {
[%clk 1:11:02]} 16... a5 {[%clk 0:59:26]} 17. Ne2 {[%clk 1:05:03]} 17... Bb7 {
[%clk 0:56:49]} 18. Bh7+ {[%clk 1:02:44]} 18... Kh8 {[%clk 0:53:37]} 19. Nhf4 {
[%clk 1:02:54]} 19... Nd6 {[%clk 0:48:28]} 20. Ng3 {[%clk 0:57:27]} 20... Rac8
{[%clk 0:41:36]} 21. Kb1 {[%clk 0:56:44]} 21... Qe8 {[%clk 0:39:56]} 22. Ngxh5
{[%clk 0:52:45]} 22... Ne4 {[%clk 0:32:06]} 23. Bxe4 {[%clk 0:47:49]} 23...
dxe4 {[%clk 0:32:08]} 24. Ng3 {[%clk 0:47:21]} 24... c5 {[%clk 0:31:39]} 25.
Qe2 {[%clk 0:45:58]} 25... c4 {[%clk 0:29:47]} 26. h5 {[%clk 0:42:30]} 26... b4
{[%clk 0:28:18]} 27. g6 {[%clk 0:39:53]} 27... Nf6 {[%clk 0:27:31]} 28. Rdg1 {
[%clk 0:33:36]} 28... c3 {[%clk 0:24:48]} 29. Nf5 {[%clk 0:29:45]} 29... c2+ {
[%clk 0:22:29]} 30. Kc1 {[%clk 0:29:38]} 30... Qd7 {[%clk 0:21:46]} 31. Nxg7 {
[%clk 0:27:48]} 31... Kg8 {[%clk 0:17:48]} 32. h6 {[%clk 0:22:52]} 32... b3 {
[%clk 0:15:09]} 33. a3 {[%clk 0:20:39]} 33... Nd5 {[%clk 0:12:42]} 34. Ngh5 {
[%clk 0:14:32]} 34... Qd8 {[%clk 0:05:48]} 35. h7+ {[%clk 0:14:36]} 1-0

[Event "DEM U12w 2019"]
[Site "Willingen GER"]
[Date "2019.06.12"]
[Round "6"]
[White "Keymer, Cecilia"]
[Black "Adelmeyer, Nelly"]
[Result "1/2-1/2"]
[Termination "normal"]
[Board "5"]
[WhiteElo "1511"]
[BlackElo "1420"]
[WhiteClock "00:18:16"]
[BlackClock "00:28:22"]
[PlyCount "86"]
[WhiteFideId "16233468"]
[BlackFideId "16203577"]
[EventCountry "GER"]
[EventRounds "9"]
[EventType "swiss"]
[EventDate "2019.06.08"]

1. d4 {[%clk 1:30:59]} 1... d5 {[%clk 1:30:55]} 2. c4 {[%clk 1:31:22]} 2... e6
{[%clk 1:31:21]} 3. Nc3 {[%clk 1:31:46]} 3... Nf6 {[%clk 1:31:43]} 4. cxd5 {
[%clk 1:32:09]} 4... exd5 {[%clk 1:31:58]} 5. Bg5 {[%clk 1:32:28]} 5... Be7 {
[%clk 1:30:11]} 6. e3 {[%clk 1:32:30]} 6... O-O {[%clk 1:30:14]} 7. Bd3 { [%clk
1:32:24]} 7... Be6 {[%clk 1:28:07]} 8. Qc2 {[%clk 1:31:47]} 8... h6 { [%clk
1:27:12]} 9. Bf4 {[%clk 1:30:32]} 9... Nbd7 {[%clk 1:25:55]} 10. Nf3 { [%clk
1:28:35]} 10... c6 {[%clk 1:22:21]} 11. h3 {[%clk 1:25:27]} 11... Bb4 { [%clk
1:16:25]} 12. g4 {[%clk 1:19:00]} 12... Bxc3+ {[%clk 1:13:28]} 13. Qxc3 { [%clk
1:19:00]} 13... Ne4 {[%clk 1:13:21]} 14. Bxe4 {[%clk 1:14:11]} 14... dxe4
{[%clk 1:13:45]} 15. Nd2 {[%clk 1:11:03]} 15... Qe7 {[%clk 1:01:38]} 16. Nc4 {
[%clk 1:01:54]} 16... Bxc4 {[%clk 0:59:28]} 17. Qxc4 {[%clk 1:01:08]} 17... Nb6
{[%clk 0:59:25]} 18. Qb3 {[%clk 0:56:42]} 18... Nd5 {[%clk 0:59:02]} 19. O-O-O
{[%clk 0:51:18]} 19... Nb4 {[%clk 0:57:01]} 20. Kb1 {[%clk 0:47:16]} 20... Nd3
{[%clk 0:56:06]} 21. Rh2 {[%clk 0:44:25]} 21... a5 {[%clk 0:35:05]} 22. h4 {
[%clk 0:39:54]} 22... a4 {[%clk 0:31:23]} 23. Qc3 {[%clk 0:33:00]} 23... a3 {
[%clk 0:24:46]} 24. b3 {[%clk 0:30:34]} 24... Rfc8 {[%clk 0:24:27]} 25. g5 {
[%clk 0:27:54]} 25... Qb4 {[%clk 0:20:04]} 26. Qxb4 {[%clk 0:21:13]} 26... Nxb4
{[%clk 0:20:29]} 27. gxh6 {[%clk 0:20:00]} 27... g6 {[%clk 0:17:17]} 28. h5 {
[%clk 0:14:51]} 28... Kh7 {[%clk 0:14:50]} 29. hxg6+ {[%clk 0:11:46]} 29...
fxg6 {[%clk 0:15:08]} 30. f3 {[%clk 0:09:52]} 30... Nd5 {[%clk 0:12:40]} 31.
Rc1 {[%clk 0:09:06]} 31... exf3 {[%clk 0:11:48]} 32. Rf1 {[%clk 0:08:06]} 32...
Nxf4 {[%clk 0:11:16]} 33. exf4 {[%clk 0:08:27]} 33... Rd8 {[%clk 0:11:28]} 34.
Rd2 {[%clk 0:07:54]} 34... Kxh6 {[%clk 0:10:34]} 35. Rxf3 {[%clk 0:07:51]}
35... Rd5 {[%clk 0:10:51]} 36. Kc2 {[%clk 0:06:54]} 36... Rf8 {[%clk 0:10:39]}
37. Kc3 {[%clk 0:06:02]} 37... Kh5 {[%clk 0:09:32]} 38. Rf1 {[%clk 0:05:04]}
38... Kg4 {[%clk 0:08:02]} 39. Rg1+ {[%clk 0:04:26]} 39... Kf5 {[%clk 0:08:21]}
40. Rdg2 {[%clk 0:01:59]} 40... Rg8 {[%clk 0:06:58]} 41. Rf1 {[%clk 0:23:31]}
41... Re8 {[%clk 0:32:00]} 42. Rg5+ {[%clk 0:21:19]} 42... Kf6 {[%clk 0:31:45]}
43. Re5 {[%clk 0:18:16]} 43... Red8 {[%clk 0:28:22]} 1/2-1/2

[Event "DEM U12w 2019"]
[Site "Willingen GER"]
[Date "2019.06.12"]
[Round "6"]
[White "Ramien, Hannah"]
[Black "Trunz, Michelle"]
[Result "0-1"]
[Termination "normal"]
[Board "6"]
[WhiteElo "1296"]
[BlackElo "1505"]
[WhiteClock "00:49:53"]
[BlackClock "01:33:09"]
[PlyCount "46"]
[WhiteFideId "16209982"]
[BlackFideId "16227980"]
[EventCountry "GER"]
[EventRounds "9"]
[EventType "swiss"]
[EventDate "2019.06.08"]

1. e4 1... c5 {[%clk 1:30:55]} 2. Nc3 {[%clk 1:31:21]} 2... d6 {[%clk 1:31:08]}
3. f4 {[%clk 1:31:45]} 3... Nc6 {[%clk 1:31:30]} 4. Nf3 {[%clk 1:31:54]} 4...
e6 {[%clk 1:31:52]} 5. Bb5 {[%clk 1:32:15]} 5... Nge7 {[%clk 1:32:10]} 6. Bxc6+
{[%clk 1:32:08]} 6... Nxc6 {[%clk 1:32:31]} 7. d3 {[%clk 1:32:32]} 7... g6 {
[%clk 1:32:29]} 8. O-O {[%clk 1:32:53]} 8... Bg7 {[%clk 1:32:54]} 9. Kh1 {
[%clk 1:33:02]} 9... Nd4 {[%clk 1:32:51]} 10. Ne2 {[%clk 1:32:35]} 10... Nxf3 {
[%clk 1:32:45]} 11. Rxf3 {[%clk 1:32:48]} 11... O-O {[%clk 1:32:22]} 12. Qe1 {
[%clk 1:29:21]} 12... f5 {[%clk 1:32:41]} 13. Nc3 {[%clk 1:24:21]} 13... Re8 {
[%clk 1:31:13]} 14. exf5 {[%clk 1:12:48]} 14... exf5 {[%clk 1:31:22]} 15. Re3 {
[%clk 1:13:00]} 15... Bd7 {[%clk 1:31:09]} 16. Rxe8+ {[%clk 1:13:18]} 16...
Qxe8 {[%clk 1:31:32]} 17. Qxe8+ {[%clk 1:13:42]} 17... Rxe8 {[%clk 1:31:58]}
18. Bd2 {[%clk 1:12:20]} 18... Bxc3 {[%clk 1:31:59]} 19. Bxc3 {[%clk 1:12:27]}
19... Re2 {[%clk 1:31:48]} 20. Rc1 {[%clk 0:51:50]} 20... Bc6 {[%clk 1:32:05]}
21. Kg1 {[%clk 0:49:57]} 21... Rxg2+ {[%clk 1:32:30]} 22. Kf1 {[%clk 0:50:20]}
22... Rxh2 {[%clk 1:32:51]} 23. Ke1 {[%clk 0:49:53]} 23... Kf7 {[%clk 1:33:09]}
0-1

[Event "DEM U12w 2019"]
[Site "Willingen GER"]
[Date "2019.06.12"]
[Round "6"]
[White "Petrosyan, Ani"]
[Black "Voigt, Anastasia"]
[Result "0-1"]
[Termination "normal"]
[Board "7"]
[WhiteElo "1378"]
[BlackElo "1447"]
[WhiteClock "00:08:23"]
[BlackClock "00:14:02"]
[PlyCount "174"]
[WhiteFideId "16248015"]
[BlackFideId "16235223"]
[EventCountry "GER"]
[EventRounds "9"]
[EventType "swiss"]
[EventDate "2019.06.08"]

1. c4 {[%clk 1:30:57]} 1... c5 {[%clk 1:30:56]} 2. Nf3 {[%clk 1:31:11]} 2...
Nf6 {[%clk 1:31:17]} 3. d4 {[%clk 1:31:02]} 3... cxd4 {[%clk 1:31:25]} 4. Nxd4
{[%clk 1:31:21]} 4... g6 {[%clk 1:31:17]} 5. Nc3 {[%clk 1:31:05]} 5... Bg7 {
[%clk 1:31:16]} 6. e4 {[%clk 1:31:07]} 6... d6 {[%clk 1:30:42]} 7. Be3 { [%clk
1:30:19]} 7... Bd7 {[%clk 1:29:10]} 8. Be2 {[%clk 1:27:51]} 8... Nc6 { [%clk
1:28:25]} 9. O-O {[%clk 1:26:00]} 9... O-O {[%clk 1:28:48]} 10. Rc1 { [%clk
1:25:17]} 10... Rc8 {[%clk 1:27:50]} 11. Qd2 {[%clk 1:19:08]} 11... a6 { [%clk
1:21:51]} 12. Rfd1 {[%clk 1:13:28]} 12... Ne5 {[%clk 1:15:39]} 13. b3 { [%clk
1:04:45]} 13... Nc6 {[%clk 1:09:57]} 14. h3 {[%clk 0:57:58]} 14... Ne8 { [%clk
0:52:35]} 15. Nd5 {[%clk 0:46:34]} 15... Nf6 {[%clk 0:42:15]} 16. Bf3 { [%clk
0:34:04]} 16... Nxd5 {[%clk 0:37:44]} 17. exd5 {[%clk 0:32:58]} 17... Ne5
{[%clk 0:36:20]} 18. Be2 {[%clk 0:32:34]} 18... f5 {[%clk 0:35:22]} 19. f4 {
[%clk 0:25:27]} 19... Nf7 {[%clk 0:35:06]} 20. b4 {[%clk 0:22:20]} 20... Qe8 {
[%clk 0:30:16]} 21. c5 {[%clk 0:19:34]} 21... dxc5 {[%clk 0:30:29]} 22. bxc5 {
[%clk 0:19:48]} 22... Nd8 {[%clk 0:29:34]} 23. Qb4 {[%clk 0:17:52]} 23... e6 {
[%clk 0:24:21]} 24. d6 {[%clk 0:15:27]} 24... e5 {[%clk 0:23:59]} 25. fxe5 {
[%clk 0:12:50]} 25... Qxe5 {[%clk 0:23:57]} 26. Bc4+ {[%clk 0:12:22]} 26... Kh8
{[%clk 0:23:51]} 27. Nc2 {[%clk 0:11:07]} 27... Qg3 {[%clk 0:13:17]} 28. Bd5 {
[%clk 0:07:30]} 28... f4 {[%clk 0:11:20]} 29. Bf2 {[%clk 0:06:42]} 29... Qg5 {
[%clk 0:11:39]} 30. h4 {[%clk 0:05:17]} 30... Qg4 {[%clk 0:10:55]} 31. Bf3 {
[%clk 0:04:35]} 31... Qe6 {[%clk 0:10:47]} 32. a3 {[%clk 0:04:27]} 32... Qe8 {
[%clk 0:05:40]} 33. Bxb7 {[%clk 0:03:33]} 33... Rb8 {[%clk 0:05:38]} 34. Qa5 {
[%clk 0:01:17]} 34... Nxb7 {[%clk 0:05:32]} 35. Qxa6 {[%clk 0:01:33]} 35... Bb5
{[%clk 0:05:04]} 36. Qb6 {[%clk 0:01:08]} 36... Qc6 {[%clk 0:03:49]} 37. Qxc6 {
[%clk 0:01:15]} 37... Bxc6 {[%clk 0:04:18]} 38. Nb4 {[%clk 0:01:31]} 38... Na5
{[%clk 0:04:07]} 39. Nxc6 {[%clk 0:01:00]} 39... Nxc6 {[%clk 0:04:35]} 40. a4 {
[%clk 0:01:09]} 40... Ra8 {[%clk 0:03:42]} 41. d7 {[%clk 0:00:31]} 41... Be5 {
[%clk 0:28:47]} 42. Rb1 {[%clk 0:30:08]} 42... Rxa4 {[%clk 0:26:03]} 43. Rb6 {
[%clk 0:30:01]} 43... Nd8 {[%clk 0:26:25]} 44. c6 {[%clk 0:29:26]} 44... Bc7 {
[%clk 0:26:42]} 45. Rb5 {[%clk 0:27:06]} 45... Ra6 {[%clk 0:24:42]} 46. Rb2 {
[%clk 0:21:18]} 46... Rxc6 {[%clk 0:24:08]} 47. Re2 {[%clk 0:21:19]} 47... Re6
{[%clk 0:23:15]} 48. Rc2 {[%clk 0:20:12]} 48... Rc6 {[%clk 0:22:04]} 49. Re2 {
[%clk 0:20:16]} 49... Kg8 {[%clk 0:21:23]} 50. Bd4 {[%clk 0:17:12]} 50... Kf7 {
[%clk 0:19:40]} 51. Bb2 {[%clk 0:15:33]} 51... Re6 {[%clk 0:19:35]} 52. Rf2 {
[%clk 0:13:40]} 52... Bb6 {[%clk 0:19:12]} 53. Bd4 {[%clk 0:13:26]} 53... Re1+
{[%clk 0:13:40]} 54. Rxe1 {[%clk 0:12:33]} 54... Bxd4 {[%clk 0:14:03]} 55. Re4
{[%clk 0:12:12]} 55... Bxf2+ {[%clk 0:14:21]} 56. Kxf2 {[%clk 0:12:33]} 56...
Ne6 {[%clk 0:14:25]} 57. g3 {[%clk 0:12:37]} 57... fxg3+ {[%clk 0:13:22]} 58.
Kxg3 {[%clk 0:12:51]} 58... Ke7 {[%clk 0:13:33]} 59. Re5 {[%clk 0:12:44]} 59...
Kxd7 {[%clk 0:13:20]} 60. Rd5+ {[%clk 0:11:49]} 60... Ke7 {[%clk 0:13:37]} 61.
Ra5 {[%clk 0:11:49]} 61... Kf7 {[%clk 0:13:12]} 62. Ra7+ {[%clk 0:11:37]} 62...
Kg8 {[%clk 0:13:23]} 63. Re7 {[%clk 0:11:57]} 63... Ng7 {[%clk 0:13:08]} 64.
Kg4 {[%clk 0:11:51]} 64... Nf5 {[%clk 0:13:14]} 65. Re5 {[%clk 0:11:41]} 65...
Nd6 {[%clk 0:12:29]} 66. h5 {[%clk 0:11:55]} 66... Nf7 {[%clk 0:11:57]} 67. Rd5
{[%clk 0:11:55]} 67... g5 {[%clk 0:11:51]} 68. Kg3 {[%clk 0:11:08]} 68... h6 {
[%clk 0:12:12]} 69. Kg4 {[%clk 0:10:47]} 69... Kg7 {[%clk 0:12:10]} 70. Rd7 {
[%clk 0:08:56]} 70... Re8 {[%clk 0:12:18]} 71. Rd4 {[%clk 0:09:02]} 71... Re1 {
[%clk 0:12:14]} 72. Rd2 {[%clk 0:07:42]} 72... Rh1 {[%clk 0:12:10]} 73. Re2 {
[%clk 0:07:06]} 73... Rh4+ {[%clk 0:12:05]} 74. Kf5 {[%clk 0:07:06]} 74... g4 {
[%clk 0:11:09]} 75. Rg2 {[%clk 0:07:08]} 75... Rxh5+ {[%clk 0:10:49]} 76. Kxg4
{[%clk 0:07:00]} 76... Rg5+ {[%clk 0:11:11]} 77. Kh3 {[%clk 0:07:20]} 77...
Rxg2 {[%clk 0:11:29]} 78. Kxg2 {[%clk 0:07:44]} 78... Kg6 {[%clk 0:11:55]} 79.
Kh2 {[%clk 0:07:48]} 79... Kg5 {[%clk 0:12:16]} 80. Kg3 {[%clk 0:07:53]} 80...
h5 {[%clk 0:12:39]} 81. Kh3 {[%clk 0:08:07]} 81... h4 {[%clk 0:12:54]} 82. Kh2
{[%clk 0:08:26]} 82... Kg4 {[%clk 0:12:55]} 83. Kg2 {[%clk 0:08:48]} 83... h3+
{[%clk 0:12:38]} 84. Kh1 {[%clk 0:09:02]} 84... Kg3 {[%clk 0:12:42]} 85. Kg1 {
[%clk 0:09:23]} 85... Nd6 {[%clk 0:13:07]} 86. Kh1 {[%clk 0:08:29]} 86... Ne4 {
[%clk 0:13:34]} 87. Kg1 {[%clk 0:08:23]} 87... Nf2 {[%clk 0:14:02]} 0-1

[Event "DEM U12w 2019"]
[Site "Willingen GER"]
[Date "2019.06.12"]
[Round "6"]
[White "Prinzen, Siri Marleen"]
[Black "Glowiak, Alexandra"]
[Result "1-0"]
[Termination "normal"]
[Board "8"]
[WhiteElo "1505"]
[BlackElo "1439"]
[WhiteClock "00:56:40"]
[BlackClock "00:39:47"]
[PlyCount "51"]
[WhiteFideId "16265912"]
[BlackFideId "16259530"]
[EventCountry "GER"]
[EventRounds "9"]
[EventType "swiss"]
[EventDate "2019.06.08"]

1. e4 {[%clk 1:30:59]} 1... e5 {[%clk 1:30:54]} 2. Nf3 {[%clk 1:31:22]} 2...
Nc6 {[%clk 1:31:19]} 3. Bc4 {[%clk 1:31:46]} 3... Bc5 {[%clk 1:31:43]} 4. c3 {
[%clk 1:32:10]} 4... Nf6 {[%clk 1:32:03]} 5. d3 {[%clk 1:32:35]} 5... O-O {
[%clk 1:32:06]} 6. O-O {[%clk 1:32:37]} 6... d5 {[%clk 1:30:04]} 7. exd5 {
[%clk 1:31:39]} 7... Nxd5 {[%clk 1:30:20]} 8. Bg5 {[%clk 1:30:11]} 8... Qd6 {
[%clk 1:27:26]} 9. Nbd2 {[%clk 1:28:52]} 9... f5 {[%clk 1:21:33]} 10. Nb3 {
[%clk 1:21:47]} 10... f4 {[%clk 1:16:37]} 11. d4 {[%clk 1:17:12]} 11... exd4 {
[%clk 1:15:21]} 12. Nbxd4 {[%clk 1:16:05]} 12... Nxd4 {[%clk 1:09:42]} 13. Nxd4
{[%clk 1:15:35]} 13... Bxd4 {[%clk 1:09:46]} 14. Qxd4 {[%clk 1:15:38]} 14...
Be6 {[%clk 1:04:15]} 15. Bxd5 {[%clk 1:13:29]} 15... Bxd5 {[%clk 1:01:21]} 16.
Rfe1 {[%clk 1:09:23]} 16... Qc6 {[%clk 0:53:48]} 17. Re7 {[%clk 1:06:47]} 17...
Rf7 {[%clk 0:50:11]} 18. Rxf7 {[%clk 1:07:04]} 18... Bxf7 {[%clk 0:48:37]} 19.
Bxf4 {[%clk 1:04:22]} 19... a6 {[%clk 0:43:41]} 20. Be5 {[%clk 1:01:03]} 20...
g6 {[%clk 0:42:39]} 21. Bh8 {[%clk 0:57:41]} 21... Kf8 {[%clk 0:42:39]} 22.
Qg7+ {[%clk 0:57:43]} 22... Ke7 {[%clk 0:41:28]} 23. Re1+ {[%clk 0:57:59]}
23... Kd6 {[%clk 0:41:06]} 24. Qxf7 {[%clk 0:57:21]} 24... Qd5 {[%clk 0:40:27]}
25. Be5+ {[%clk 0:56:40]} 25... Kc6 {[%clk 0:39:47]} 26. Qxc7+ 1-0

[Event "DEM U12w 2019"]
[Site "Willingen GER"]
[Date "2019.06.12"]
[Round "6"]
[White "Labuda, Annika"]
[Black "Ulrich, Helena Irene"]
[Result "0-1"]
[Termination "normal"]
[Board "9"]
[WhiteElo "1251"]
[BlackElo "1514"]
[WhiteClock "00:35:02"]
[BlackClock "01:00:17"]
[PlyCount "118"]
[WhiteFideId "16261453"]
[BlackFideId "16256000"]
[EventCountry "GER"]
[EventRounds "9"]
[EventType "swiss"]
[EventDate "2019.06.08"]

1. e4 {[%clk 1:30:58]} 1... c5 {[%clk 1:30:55]} 2. Nf3 {[%clk 1:31:19]} 2... d6
{[%clk 1:31:21]} 3. d4 {[%clk 1:30:47]} 3... cxd4 {[%clk 1:31:45]} 4. Nxd4 {
[%clk 1:31:12]} 4... Nf6 {[%clk 1:32:09]} 5. Nc3 {[%clk 1:31:31]} 5... a6 {
[%clk 1:32:30]} 6. a4 {[%clk 1:31:30]} 6... e5 {[%clk 1:31:57]} 7. Nb3 { [%clk
1:31:48]} 7... Be6 {[%clk 1:32:11]} 8. Bg5 {[%clk 1:31:51]} 8... Be7 { [%clk
1:31:05]} 9. Bd3 {[%clk 1:31:57]} 9... O-O {[%clk 1:29:22]} 10. O-O { [%clk
1:31:55]} 10... h6 {[%clk 1:25:29]} 11. Bh4 {[%clk 1:32:08]} 11... Nc6 { [%clk
1:24:36]} 12. Nd2 {[%clk 1:28:08]} 12... Nxe4 {[%clk 1:16:08]} 13. Bxe7 { [%clk
1:27:34]} 13... Nxc3 {[%clk 1:15:48]} 14. Bxd8 {[%clk 1:27:56]} 14... Nxd1
{[%clk 1:16:14]} 15. Bc7 {[%clk 1:25:33]} 15... Nxb2 {[%clk 1:16:04]} 16. Bxd6
{[%clk 1:25:39]} 16... Rfd8 {[%clk 1:16:11]} 17. Bc7 {[%clk 1:23:56]} 17... Rd7
{[%clk 1:16:11]} 18. Bb6 {[%clk 1:24:00]} 18... Nxd3 {[%clk 1:16:32]} 19. cxd3
{[%clk 1:24:24]} 19... Rxd3 {[%clk 1:15:08]} 20. Ne4 {[%clk 1:22:53]} 20... Rd5
{[%clk 1:10:27]} 21. Nc3 {[%clk 1:20:29]} 21... Rd7 {[%clk 1:09:41]} 22. Rfe1
{[%clk 1:18:46]} 22... f6 {[%clk 1:06:04]} 23. h3 {[%clk 1:12:10]} 23... Nd4
{[%clk 1:05:03]} 24. Bxd4 {[%clk 1:03:38]} 24... Rxd4 {[%clk 1:05:27] } 25. Ne4
{[%clk 0:58:32]} 25... Rc8 {[%clk 1:04:12]} 26. f3 {[%clk 0:57:55]} 26... Rcc4
{[%clk 1:02:18]} 27. g4 {[%clk 0:57:08]} 27... Bd5 {[%clk 1:01:32]} 28. Nd6
{[%clk 0:54:02]} 28... Rxa4 {[%clk 1:00:59]} 29. Rxa4 {[%clk 0:53:49]} 29...
Rxa4 {[%clk 1:01:24]} 30. Kf2 {[%clk 0:53:13]} 30... b5 {[%clk 1:00:46]} 31.
Rd1 {[%clk 0:52:02]} 31... Rd4 {[%clk 1:00:33]} 32. Rxd4 {[%clk 0:47:22]} 32...
exd4 {[%clk 1:00:54]} 33. Nf5 {[%clk 0:47:36]} 33... Bc4 {[%clk 1:00:34]} 34.
Nxd4 {[%clk 0:47:37]} 34... a5 {[%clk 0:59:51]} 35. Ke3 {[%clk 0:47:19]} 35...
Kf7 {[%clk 0:59:51]} 36. Kd2 {[%clk 0:47:40]} 36... Ke8 {[%clk 0:59:38]} 37.
Nf5 {[%clk 0:46:42]} 37... Kf7 {[%clk 0:59:15]} 38. Kc3 {[%clk 0:45:38]} 38...
Be6 {[%clk 0:57:49]} 39. Nd6+ {[%clk 0:45:43]} 39... Kg6 {[%clk 0:57:50]} 40.
Nxb5 {[%clk 0:45:42]} 40... Kg5 {[%clk 0:57:53]} 41. Nd4 {[%clk 0:45:18]} 41...
Bd5 {[%clk 0:58:10]} 42. Nf5 {[%clk 0:40:22]} 42... Bxf3 {[%clk 0:56:22]} 43.
Nxg7 {[%clk 0:40:38]} 43... Bg2 {[%clk 0:56:37]} 44. Ne6+ {[%clk 0:38:41]}
44... Kh4 {[%clk 0:56:57]} 45. Nf4 {[%clk 0:37:40]} 45... Bxh3 {[%clk 0:56:57]}
46. Kb3 {[%clk 0:36:58]} 46... Kxg4 {[%clk 0:57:05]} 47. Nd3 {[%clk 0:36:30]}
47... f5 {[%clk 0:57:13]} 48. Ka4 {[%clk 0:35:27]} 48... f4 {[%clk 0:57:25]}
49. Nf2+ {[%clk 0:34:17]} 49... Kg3 {[%clk 0:57:29]} 50. Ne4+ {[%clk 0:34:24]}
50... Kg2 {[%clk 0:57:44]} 51. Kxa5 {[%clk 0:33:33]} 51... f3 {[%clk 0:58:08]}
52. Kb5 {[%clk 0:33:26]} 52... f2 {[%clk 0:58:23]} 53. Nd2 {[%clk 0:32:54]}
53... f1=Q+ {[%clk 0:58:43]} 54. Nxf1 {[%clk 0:33:19]} 54... Kxf1 { [%clk
0:59:07]} 55. Kc5 {[%clk 0:33:39]} 55... h5 {[%clk 0:59:05]} 56. Kd4 { [%clk
0:34:04]} 56... Bg2 {[%clk 0:59:28]} 57. Ke3 {[%clk 0:34:19]} 57... h4 { [%clk
0:59:42]} 58. Kf4 {[%clk 0:34:41]} 58... h3 {[%clk 0:59:51]} 59. Kg3 { [%clk
0:35:02]} 59... Kg1 {[%clk 1:00:17]} 0-1

[Event "DEM U12w 2019"]
[Site "Willingen GER"]
[Date "2019.06.12"]
[Round "6"]
[White "Eichhorn, Mathilda Sophie"]
[Black "Ding, Tina"]
[Result "0-1"]
[Termination "normal"]
[Board "10"]
[WhiteElo "1452"]
[BlackElo "1180"]
[PlyCount "64"]
[WhiteFideId "16242289"]
[BlackFideId "16286987"]
[EventCountry "GER"]
[EventRounds "9"]
[EventType "swiss"]
[EventDate "2019.06.08"]

1. e4 c6 2. d4 d5 3. exd5 cxd5 4. c4 e6 5. Nc3 Nf6 6. Nf3 Nbd7 7. Bd3 b6 8. O-O
Be7 9. Re1 O-O 10. Qc2 Bb7 11. Ne5 h6 12. Bd2 dxc4 13. Nxc4 Rc8 14. Qb3 Re8 15.
Nb5 Ra8 16. Nbd6 Bxd6 17. Nxd6 Bd5 18. Bc4 Bxc4 19. Qxc4 Rf8 20. Bb4 Rb8 21.
Rac1 a5 22. Ba3 Nd5 23. Qc6 Ne7 24. Qc7 Nf6 25. Qxd8 Rfxd8 26. Rcd1 Nc8 27. Nc4
Nd5 28. Ne5 Nce7 29. Rc1 Rbc8 30. Nc4 Nf5 31. b3 Nxd4 32. Bb2 Nf5 0-1

[Event "DEM U12w 2019"]
[Site "Willingen GER"]
[Date "2019.06.12"]
[Round "6"]
[White "Stepanjan, Marianne"]
[Black "Hubert, Charlotte"]
[Result "0-1"]
[Termination "normal"]
[Board "11"]
[WhiteElo "1312"]
[BlackElo "1311"]
[PlyCount "132"]
[WhiteFideId "16246110"]
[BlackFideId "16265920"]
[EventCountry "GER"]
[EventRounds "9"]
[EventType "swiss"]
[EventDate "2019.06.08"]

1. e4 e5 2. Nf3 Nf6 3. Nc3 Bb4 4. d3 Bxc3+ 5. bxc3 d6 6. Bg5 Bg4 7. d4 exd4 8.
cxd4 h6 9. Bxf6 Qxf6 10. Be2 O-O 11. Rb1 b6 12. e5 dxe5 13. Nxe5 Bxe2 14. Qxe2
Re8 15. Qc4 Nd7 16. Qxc7 Nxe5 17. dxe5 Qxe5+ 18. Qxe5 Rxe5+ 19. Kf1 Rc8 20. Rb2
Rec5 21. c3 Rxc3 22. g3 Rc2 23. Rb5 Rxa2 24. Kg2 Rcc2 25. Rf1 Kf8 26. Rb3 Rab2
27. Ra3 a5 28. Rd3 b5 29. Rd8+ Ke7 30. Rdd1 a4 31. Kf3 Rd2 32. Rxd2 Rxd2 33.
Rb1 Rd3+ 34. Ke4 Rb3 35. Rxb3 axb3 36. Kd3 b2 37. Kc2 b1=Q+ 38. Kxb1 Kd6 39.
Kc2 Kd5 40. Kd3 b4 41. f3 b3 42. Kc3 b2 43. Kxb2 Kd4 44. Kb3 Ke3 45. f4 Kf3 46.
f5 Kg2 47. h4 Kxg3 48. h5 Kg4 49. f6 gxf6 50. Kc3 Kxh5 51. Kd2 Kg4 52. Ke2 Kg3
53. Kf1 f5 54. Kg1 f4 55. Kf1 f3 56. Kg1 f2+ 57. Kf1 h5 58. Ke2 Kg2 59. Ke3
f1=Q 60. Ke4 Qf6 61. Kd5 Kf3 62. Kc5 Ke4 63. Kc4 Qd4+ 64. Kb3 Kd3 65. Ka2 Qb4
66. Ka1 Kc2 0-1

[Event "DEM U12w 2019"]
[Site "Willingen GER"]
[Date "2019.06.12"]
[Round "6"]
[White "Irrgang, Natascha"]
[Black "von Beckh, Frieda"]
[Result "0-1"]
[Termination "normal"]
[Board "12"]
[WhiteElo "1210"]
[BlackElo "1465"]
[PlyCount "76"]
[WhiteFideId "16257545"]
[BlackFideId "16233751"]
[EventCountry "GER"]
[EventRounds "9"]
[EventType "swiss"]
[EventDate "2019.06.08"]

1. e4 c5 2. Nf3 Nc6 3. d4 cxd4 4. Nxd4 g6 5. Nc3 Bg7 6. Be3 Nf6 7. Bc4 O-O 8.
Bb3 a5 9. Ndb5 a4 10. Nxa4 Qa5+ 11. Nac3 Nxe4 12. O-O Nxc3 13. Nxc3 Bxc3 14.
bxc3 Qxc3 15. Bd2 Qf6 16. Qe1 e5 17. Bc3 d6 18. f4 Be6 19. fxe5 Qg5 20. Bd2
Qxe5 21. Qc1 Nd4 22. Kh1 Rfc8 23. Rb1 Nxb3 24. axb3 Ra2 25. Qd1 Rcxc2 26. Bf4
Qe4 27. Qf3 Qxf3 28. Rxf3 Rxg2 29. Bxd6 Bd5 30. Re1 Bxf3 31. Re8+ Kg7 32. Be5+
Kh6 33. Bf4+ g5 34. Re6+ fxe6 35. Bxg5+ Kxg5 36. h4+ Kxh4 37. b4 Rh2+ 38. Kg1
Rh1# 0-1